000 00457nam a2200145Ia 4500
008 090122s9999 xx 000 0 und d
082 _b6324
_a891.4681
100 _aकुसुमाग्रज
_b(बालकवी
_cठोंबरे)
245 _aफुलराणी
600 _aकुसुमाग्रज
630 _aफुलराणी
700 _aकुसुमाग्रज
730 _aफुलराणी
942 _cBOOK
999 _c30401
_d30401